| 000 | 00903nam a22002297a 4500 | ||
|---|---|---|---|
| 999 |
_c10271 _d10271 |
||
| 003 | AR-CdUCM | ||
| 008 | 190329b ||||| |||| 00| 0 spa d | ||
| 040 |
_aMUNICIPALIDAD PROVINCIAL DEL CUSCO _cBIBLIOTECA MUNICIPAL DEL CUSCO |
||
| 082 |
_a346.973 / _bH71 /1964 |
||
| 100 |
_aHolmes, Oliver Wendell, _927033 |
||
| 245 | _aThe common law / | ||
| 260 |
_aBuenos Aires : _b Edit. Argentina, _c1964.. |
||
| 300 |
_a370 paginas ; _c22 cm. |
||
| 500 | _aTitulo original : The comon law | ||
| 505 | _aContenido : Formas primitivas de responsabilidad -- El derecho penal -- Actos ilícitos trepass y negligencia -- Dolo, malice e intención teoría de los toris -- El bailee en el comm law... | ||
| 650 |
_aCommon law _95988 |
||
| 650 |
_aley y orden _927034 |
||
| 650 |
_aDerecho civil _97386 |
||
| 700 |
_aVedia - Barrancos, Fernando N, (Traductor) _927035 |
||
| 942 |
_2ddc _cLIBROS |
||
| 945 | _awnts | ||